Chinese Cities by their Japanese Names - Statistics

General Stats
  • This quiz has been taken 38 times
  • The average score is 12 of 15
Answer Stats
Japanese city name Chinese city name % Correct
Pekin Běijīng
100%
Shanhai Shànghǎi
100%
Chonchin Chóngqìng
97%
Harubin Hā'ěrbīn
93%
Nankin Nánjīng
93%
Shenchen Shēnzhèn
93%
Shīan Xī'ān
93%
Kowanchou Guǎngzhōu
83%
Tenchin Tiānjīn
80%
Shāmen Xiàmén
80%
Chanchun Chángchūn
77%
Dāryen Dàlián
73%
Chintao Qīngdǎo
70%
Guirin Guìlín
53%
Fufuhoto Hūhéhàotè
27%
No matching quizzes found
Score Distribution
Percent of People with Each Score
Percentile by Number Answered
Your Score History
You have not taken this quiz